Detalles MARC
| 000 -Cabecera |
| Campo de control de longitud fija |
01507nam a22004697a 4500 |
| 005 - Fecha y hora de la última transacción |
| Campo de control |
20250516145245.0 |
| 008 - Elementos de longitud fija--Información general |
| Campo de control de longitud fija |
180808b2017 xxu||||| |||| 00| 0 spa d |
| 020 ## - International Standard Book Number |
| Número Internacional Estándar del Libro (ISBN) |
9788416583850 |
| 041 ## - Idioma |
| Código de idioma |
|
| 082 ## - Clasificación Decimal Dewey |
| Número de clasificación |
658.401.2 M994c |
| 100 ## - Entrada principal--Autor personal |
| Nombre personal |
Muñiz, Luis |
| 9 (RLIN) |
26471 |
| 245 ## - Título propiamente dicho |
| Título |
Check list para el diagnóstico empresarial: una herramienta clave para el control de gestión |
| 260 ## - Pie de imprenta |
| Lugar de publicación, distribución, etc. |
España |
| 260 ## - Pie de imprenta |
| Nombre del editor, distribuidor, etc. |
Profit |
| 260 ## - Pie de imprenta |
| Fecha de publicación, distribución, etc. |
2017 |
| 300 ## - Descripción física |
| Extensión |
167 páginas |
| 650 ## - Materia general |
| Temática (materia general) |
PLANIFICACIÓN Y ELABORACIÓN DE POLÍTICAS |
| 650 ## - Materia general |
| Temática (materia general) |
INEFICIENCIAS QUE PERMITEN AFIRMAR SI ES NECESARIO EL DIAGNÓSTICO |
| 650 ## - Materia general |
| Temática (materia general) |
DIAGNÓSTICO EMPRESARIAL |
| 650 ## - Materia general |
| Temática (materia general) |
PLANIFICACIÓN ESTRATÉGICA |
| 650 ## - Materia general |
| Temática (materia general) |
DIAGNÓSTICO ORGANIZACIONAL |
| 650 ## - Materia general |
| Temática (materia general) |
DIAGNÓSTICO DEL ÁREA COMERCIAL |
| 650 ## - Materia general |
| Temática (materia general) |
DIAGNÓSTICO DEL ÁREA LOGÍSTICA |
| 650 ## - Materia general |
| Temática (materia general) |
DIAGNÓSTICO DEL ÁREA DE FABRICACIÓN |
| 650 ## - Materia general |
| Temática (materia general) |
CONTROL DE GESTIÓN |
| 650 ## - Materia general |
| Temática (materia general) |
GESTIÓN ESTRATÉGICA |
| 650 ## - Materia general |
| Temática (materia general) |
GESTIÓN DEL MANTENIMIENTO |
| 650 ## - Materia general |
| Temática (materia general) |
MARKETING |
| 650 ## - Materia general |
| Temática (materia general) |
CLIENTES |
| 650 ## - Materia general |
| Temática (materia general) |
CRM |
| 650 ## - Materia general |
| Temática (materia general) |
DIAGNÓSTICO DEL ÁREA DE CALIDAD |
| 650 ## - Materia general |
| Temática (materia general) |
DIAGNÓSTICO DEL ÁREA DE RECURSOS HUMANOS |
| 650 ## - Materia general |
| Temática (materia general) |
DIAGNÓSTICO DEL ÁREA FINANCIERA |
| 650 ## - Materia general |
| Temática (materia general) |
DIAGNÓSTICO DEL ÁREA DE CONTROL DE GESTIÓN |
| 650 ## - Materia general |
| Temática (materia general) |
SISTEMAS DE INFORMACIÓN COMERCIAL |
| 650 ## - Materia general |
| Temática (materia general) |
LOGÍSTICA |
| 650 ## - Materia general |
| Temática (materia general) |
EXCEL |
| 650 ## - Materia general |
| Temática (materia general) |
CALIDAD |
| 650 ## - Materia general |
| Temática (materia general) |
RECURSOS HUMANOS |
| 942 ## - Punto de acceso adicional KOHA |
| Tipo de ítem KOHA |
Libro |
| Fuente del sistema de clasificación o colocación |
Dewey Decimal Classification |